000 00211 a2200097 4500
001 46019
100 _aMitchell A
245 _aLength on the links
260 _aLondon
_bMethuen & Co
_c
090 _c29148
_d29148
942 _aNUST-CAE
_cM
_c21278
999 _c281092
_d281092